<?xml version="1.0" encoding="UTF-8"?>
<record
    xmlns:xsi="http://www.w3.org/2001/XMLSchema-instance"
    xsi:schemaLocation="http://www.loc.gov/MARC21/slim http://www.loc.gov/standards/marcxml/schema/MARC21slim.xsd"
    xmlns="http://www.loc.gov/MARC21/slim">

  <leader>01523nam a2200241 i 4500</leader>
  <controlfield tag="001">BPP</controlfield>
  <controlfield tag="003">BPK</controlfield>
  <controlfield tag="005">20190610114404.0</controlfield>
  <controlfield tag="008">141201s1988    pl     f     |000 0 pol</controlfield>
  <datafield tag="040" ind1=" " ind2=" ">
    <subfield code="c">BPK</subfield>
  </datafield>
  <datafield tag="080" ind1=" " ind2=" ">
    <subfield code="a">621.922/.924</subfield>
  </datafield>
  <datafield tag="080" ind1=" " ind2=" ">
    <subfield code="a">621.822</subfield>
  </datafield>
  <datafield tag="100" ind1=" " ind2=" ">
    <subfield code="a">KARPI&#x143;SKI, Tadeusz.</subfield>
    <subfield code="d">1970 - 1996.</subfield>
    <subfield code="b">Wy&#x17C;sza Szko&#x142;a In&#x17C;ynierska w Koszalinie - Wydzia&#x142; Mechaniczny,</subfield>
    <subfield code="c">Katedra In&#x17C;ynierii Produkcji</subfield>
  </datafield>
  <datafield tag="245" ind1=" " ind2=" ">
    <subfield code="a">Badanie w&#x142;asno&#x15B;ci eksploatacyjnych &#x15B;ciernic do szlifowania otwor&#xF3;w &#x142;o&#x17C;ysk tocznych :</subfield>
    <subfield code="b">badania por&#xF3;wnawcze nowych narz&#x119;dzi &#x15B;ciernych w odniesieniu do importowanych.</subfield>
    <subfield code="n">Cz. 1,</subfield>
    <subfield code="p">Diagnostyka kontrolna &#x15B;ciernic do otwor&#xF3;w producent&#xF3;w krajowych i zagranicznych /</subfield>
    <subfield code="c">Tadeusz Karpi&#x144;ski, Bronis&#x142;aw S&#x142;owi&#x144;ski, Cz. Pyrzyna.</subfield>
  </datafield>
  <datafield tag="260" ind1=" " ind2=" ">
    <subfield code="a">Koszalin,</subfield>
    <subfield code="c">1988.</subfield>
  </datafield>
  <datafield tag="500" ind1=" " ind2=" ">
    <subfield code="a">Dane z autopsji.</subfield>
  </datafield>
  <datafield tag="520" ind1=" " ind2=" ">
    <subfield code="a">Celem obecnego etapu pracy by&#x142;y badania por&#xF3;wnawcze jako&#x15B;ci du&#x17C;ej pr&#xF3;by &#x15B;ciernic krajowych i zagranicznych - prowadz&#x105;ce w konsekwencji do wytypowania najw&#x142;a&#x15B;ciwszej charakterystyki technicznej narz&#x119;dzi krajowych, mog&#x105;cych zast&#x105;pi&#x107; narz&#x119;dzia zagraniczne. Przedstawiono wyniki bada&#x144; jako&#x15B;ci wykonania &#x15B;ciernic krajowych i zagranicznych otrzymane z diagnostyki kontrolnej tych narz&#x119;dzi.</subfield>
  </datafield>
  <datafield tag="650" ind1=" " ind2="0">
    <subfield code="a">&#x141;o&#x17C;yska.</subfield>
  </datafield>
  <datafield tag="650" ind1=" " ind2="0">
    <subfield code="a">Szlifowanie - narz&#x119;dzia i maszyny.</subfield>
  </datafield>
  <datafield tag="650" ind1=" " ind2="0">
    <subfield code="a">&#x15A;ciernica</subfield>
  </datafield>
  <datafield tag="700" ind1=" " ind2=" ">
    <subfield code="a">S&#x141;OWI&#x143;SKI, Bronis&#x142;aw.</subfield>
    <subfield code="d">1972 - 1996.</subfield>
    <subfield code="b">Wy&#x17C;sza Szko&#x142;a In&#x17C;ynierska w Koszalinie - Wydzia&#x142; Mechaniczny,</subfield>
    <subfield code="c">Katedra In&#x17C;ynierii Produkcji</subfield>
  </datafield>
  <datafield tag="942" ind1=" " ind2=" ">
    <subfield code="c">MN</subfield>
    <subfield code="2">UKD</subfield>
  </datafield>
  <datafield tag="999" ind1=" " ind2=" ">
    <subfield code="c">2015</subfield>
    <subfield code="d">2015</subfield>
  </datafield>
  <datafield tag="952" ind1=" " ind2=" ">
    <subfield code="0">0</subfield>
    <subfield code="1">0</subfield>
    <subfield code="4">0</subfield>
    <subfield code="7">0</subfield>
    <subfield code="a">BPK</subfield>
    <subfield code="b">BPK</subfield>
    <subfield code="o">NB-230/II</subfield>
    <subfield code="y">MN</subfield>
  </datafield>
</record>
